Eastern Utah Libraries Catalog: Duchesne, Heber, Roosevelt, & Vernal

Just lost! / (Record no. 388089)

MARC details
000 -LEADER
fixed length control field 01606cam a2200397 i 4500
001 - CONTROL NUMBER
control field 1281244927
003 - CONTROL NUMBER IDENTIFIER
control field OCoLC
005 - DATE AND TIME OF LATEST TRANSACTION
control field 20230921160114.0
008 - FIXED-LENGTH DATA ELEMENTS--GENERAL INFORMATION
fixed length control field 211030r20221994nyua j 000 0 eng d
020 ## - INTERNATIONAL STANDARD BOOK NUMBER
International Standard Book Number 9781984830692
Qualifying information paperback
020 ## - INTERNATIONAL STANDARD BOOK NUMBER
International Standard Book Number 1984830694
Qualifying information paperback
020 ## - INTERNATIONAL STANDARD BOOK NUMBER
International Standard Book Number 9798890331182
Qualifying information (Penworthy)
035 ## - SYSTEM CONTROL NUMBER
System control number (OCoLC)1281244927
Canceled/invalid control number (OCoLC)1280604738
-- (OCoLC)1281135295
040 ## - CATALOGING SOURCE
Original cataloging agency YDX
Language of cataloging eng
Description conventions rda
Transcribing agency YDX
Modifying agency BDX
-- IH9
-- SO$
092 ## - LOCALLY ASSIGNED DEWEY CALL NUMBER (OCLC)
Classification number children picture book
Item number Mayer
100 1# - MAIN ENTRY--PERSONAL NAME
Personal name Mayer, Gina,
Relator term author.
9 (RLIN) 37787
245 10 - TITLE STATEMENT
Title Just lost! /
Statement of responsibility, etc by Gina and Mercer Mayer.
264 #1 - Production, Publication, Distribution, Manufacture, and Copyright Notice.
Place of production, publication, distribution, manufacture New York :
Name of producer, publisher, distributor, manufacturer Random House,
Date of production, publication, distribution, manufacture, or copyr [2022]
264 #4 - Production, Publication, Distribution, Manufacture, and Copyright Notice.
Date of production, publication, distribution, manufacture, or copyr ©1994.
336 ## - Content Type
Content type term text
337 ## - Media type
Media type term unmediated
338 ## - Carrier type
Carrier type term volume
490 1# - SERIES STATEMENT
Series statement Mercer Mayer's Little Critter.
490 1# - SERIES STATEMENT
Series statement A Random House Pictureback book.
500 ## - GENERAL NOTE
General note "Little Critter Classics."--Cover.
520 ## - SUMMARY, ETC.
Summary, etc When Little Critter stops to tie his shoelace at the crowded mall, he loses sight of his mother and is taken to the security office where he waits for his mother to be found.
600 00 - SUBJECT ADDED ENTRY--PERSONAL NAME
Personal name Little Critter
Titles and other words associated with a name (Fictitious character)
Form subdivision Juvenile fiction.
9 (RLIN) 5784830
650 #0 - SUBJECT ADDED ENTRY--TOPICAL TERM
Topical term or geographic name as entry element Missing children
Form subdivision Juvenile fiction.
9 (RLIN) 5680789
650 #0 - SUBJECT ADDED ENTRY--TOPICAL TERM
Topical term or geographic name as entry element Parent and child
Form subdivision Juvenile fiction.
9 (RLIN) 5689351
650 #0 - SUBJECT ADDED ENTRY--TOPICAL TERM
Topical term or geographic name as entry element Shopping malls
Form subdivision Juvenile fiction.
9 (RLIN) 5703690
655 #7 - INDEX TERM--GENRE/FORM
Genre/form data or focus term Picture books.
Source of term lcgft.
700 1# - ADDED ENTRY--PERSONAL NAME
Personal name Mayer, Mercer,
Dates associated with a name 1943-
Relator term author.
9 (RLIN) 10350
800 1# - SERIES ADDED ENTRY--PERSONAL NAME
Personal name Mayer, Mercer,
Dates associated with a name 1943-
Title of a work Little Critter book.
9 (RLIN) 20528
830 #0 - SERIES ADDED ENTRY--UNIFORM TITLE
Uniform title Random House pictureback book.
9 (RLIN) 49479
942 ## - ADDED ENTRY ELEMENTS (KOHA)
Source of classification or shelving scheme Dewey Decimal Classification
Koha item type BOOK
Holdings
Withdrawn status Lost status Source of classification or shelving scheme Damaged status Not for loan Collection code Home library Current library Shelving location Date acquired Source of acquisition Total Checkouts Total Renewals Full call number Barcode Date last seen Date checked out Cost, replacement price Price effective from Koha item type
    Dewey Decimal Classification     Children Picture Books Wasatch County Library Wasatch County Library Main Floor Childrens Area 09/21/2023 Penworthy 14 8 E Mayer 34301002050054 02/03/2026 01/16/2026 19.96 09/21/2023 BOOK
This project was made possible through a grant from the Institute of Museum and Library Service administered by the Utah State Library Division.

Wasatch County Library

  • 465 East 1200 South, Heber City, Utah 84032
  • Phone 435-654-1511 | Fax 435-654-6456

Hours

  • Monday - Friday 9:30 AM - 8:00 PM
  • Saturday 9:30 AM - 1:30 PM
  • Closed Sundays and Holidays